000 00975cam a2200253 a 4500
001 000001715
005 20200929145655.0
008 900221s1992 mx a b 001 0 spa
020 _a9688802573
020 _a0131741292
040 _aDO-SdBNP
_cDLC
_dDLC
041 1 7 _aeng
_hspa
_2Código de idioma MARC
082 _a005.133
_bH473g
100 1 _aHekmatpour, Sharam
_95581
245 1 0 _aC++ :
_bguía para programadores en C /
_cSharam Hekmatpour ; traducción de Oscar Alfredo Palmas Velasco ; revisión técnica Isabel Quintas.
260 _aMéxico :
_bPrentice Hall Hispanoamericana,
_c1992.
300 _ax, 263 p. :
_bil. ;
_c23 cm.
500 _aTítulo original: C++ a book and disk guide for C programmers
504 _aBibliografía: (p. 259-260)
650 4 _aC++ (lenguaje de programación para computadores)
_95582
700 1 _aPalmas Velasco, Oscar Alfredo ;
_etr.
_998
700 1 _aQuintas, Isabel ;
_erev.
_95583
910 _aCatalogación por copia / LC
999 _c1593
_d1593